| 000 | 00718nam a2200289Ia 4500 | ||
|---|---|---|---|
| 001 | Z_5908 | ||
| 003 | CHAP | ||
| 005 | 20220920191242.0 | ||
| 008 | 220113s1996 xx 000 0 und d | ||
| 010 | _a169118 | ||
| 020 | _a84-200-0820-6 | ||
| 040 | _cCHAP | ||
| 082 | _a636.39 M6y | ||
| 100 |
_aMorris B.,James _9143450 |
||
| 245 |
_aProducción de cabras de pelo / _cpor James Morris |
||
| 260 |
_aZaragoza : _bAcribia, _c1996 |
||
| 300 | _a135 p.:ilus. | ||
| 500 | _aTrad. de:Goats for fibre | ||
| 503 | _aC/E | ||
| 650 |
_aCabras de Angora _xProducción _9143451 |
||
| 650 |
_aPelo _986635 |
||
| 901 | _a636.39 M6Y | ||
| 902 | _aM | ||
| 910 | _a1996 | ||
| 942 |
_cLIBRO _2ddc |
||
| 942 |
_cLIBRO _2ddc |
||
| 999 |
_c169118 _d169118 |
||